000 00780nam a22002177a 4500
005 20160630084356.0
008 160630b ag||||| |||| 00| 0 spa d
020 _a9505576862
050 0 4 _aD16 .16
_bL32 2006
100 1 _aLaCapra, Dominick,
_d1939-
245 1 0 _aHistoria en transito :
_bExperiencia, identidad, teoría crítica /
_cDominick LaCapra ; tr. Teresa Arijón
250 _a1a ed.
260 _aBuenos Aires, Argentina :
_bFondo de Cultura Económica,
_c2006
300 _a364 p. ;
_c21 cm.
500 _aTraducción de: History in transit. Experience, identity, critical theory
650 4 _aHistoria
_xAspectos psicológicos
650 4 _aHistoria
_xFilosofía
650 4 _aPersonalidad e historia
700 1 _aArijón, Teresa,
_etr.
942 _2lcc
_cLIB
999 _c117370
_d117370